Catálogo de posgrado en universidades e institutos tecnológicos : 2006 /

Obra en que se ofrece información sobre la oferta de programas de posgrado en México, por nivel -especialización, maestría, doctorado- en cada una de las instituciones de educación superior del país. Proporciona el número de programas por nivel, su clasificación por régimen (público y particular), p...

Descrición completa

Gardado en:
Detalles Bibliográficos
Autor Corporativo: ANUIES
Outros autores: López Castañares, Rafael (presentación) (presentación)
Formato: Libro
Idioma:Lingua castelá
Publicado: México : ANUIES, 2007, c2007
Temas:
Etiquetas: Engadir etiqueta
Sen Etiquetas, Sexa o primeiro en etiquetar este rexistro!

MARC

LEADER 00000nam^a2200000^a^4500
001 000267505
005 20250521000000.0
009 20260310110823.967
020 |a 970-704-101-3 
025 |a Donación sin dato, 1 ejemplar 
037 |a Acervo ITESO - Biblioteca 
041 |a ESP 
082 |a 378. 72  |b ANUIES POS-cat 2006 
110 |a ANUIES 
240 1 1 |a [Catálogo de programas de posgrado] 
245 1 0 |a Catálogo de posgrado en universidades e institutos tecnológicos :  |b 2006 /  |c ANUIES ; presen. de R. López Castañares. 
264 4 |a México :  |b ANUIES,  |c 2007, c2007 
300 |a X, 542 p. 
336 |a texto  |b txt  |2 rdacontenido 
337 |a sin mediación  |b n  |2 rdamedio 
338 |a volumen  |b nc  |2 rdasoporte 
520 |a Obra en que se ofrece información sobre la oferta de programas de posgrado en México, por nivel -especialización, maestría, doctorado- en cada una de las instituciones de educación superior del país. Proporciona el número de programas por nivel, su clasificación por régimen (público y particular), por entidad federativa y por regiones de la ANUIES. Incluye también el nombre de las instituciones, sus facultades y escuelas, el domicilio y la distribución de los programas por áreas de conocimiento, para cada entidad federativa. 
649 |a XX 
650 |a Estudios de Posgrado -  |z México -  |x Catálogos -  |x Tema Principal 
650 |a Institutos Tecnológicos -  |z México -  |x Catálogos 
650 |a Universidades -  |z México -  |x Catálogos 
650 |a Instituciones Educativas -  |z México -  |x Catálogos 
650 |a Educación Superior -  |z México -  |x Catálogos 
700 |a López Castañares, Rafael  |e (presentación) 
910 |a Fondo General 
920 |a Impresos - Libros 
930 |a Obras de Referencia 
905 |a 102 
901 |a 0500151302  |b IT2  |c REF  |i D  |u 20250521 
902 |a https://opac.biblio.iteso.mx/vufind/Record/000267505